| 000 | 00523nam a2200169Ia 4500 | ||
|---|---|---|---|
| 003 | GCL | ||
| 008 | 140319s9999 xx 000 0 ara d | ||
| 040 |
_aGCL / _cGCL |
||
| 082 | 0 | 4 |
_a301 _bح ع |
| 100 | 1 | _aحسين عبدالحميد احمد رشوان | |
| 245 | 1 | 0 |
_aعلم الاجتماع وميادينة / _cحسين عبدالحميد احمد رشوان |
| 260 |
_a[S.N] : _bالمكتب الجامعى الحديث ، _c1993 |
||
| 300 | _a247 | ||
| 490 | _a | ||
| 650 | 0 | 4 | _aالاجتماع |
| 942 |
_2ddc _cBK |
||
| 999 |
_c55211 _d55211 |
||